| 000 | 01058nam a2200229Ia 4500 | ||
|---|---|---|---|
| 001 | 8956 | ||
| 003 | GE_BSU | ||
| 008 | 181216s||||||||xx |||||||||||||| ||und|| | ||
| 040 | _cGE_BSU | ||
| 080 | _a784.4+793.3(479.22) | ||
| 100 | _aკასრაძე,ქართლოს | ||
| 245 | _aტრიუმფით მსოფლიოს გზებზე. | ||
| 245 | _bნ.რამიშვილისა და ი.სუხიშვილის სიმღერისა და ცეკვის სახელმწ. ანსამბლის გასტროლები | ||
| 245 | _cრედ.გ.ნატროშვილი.მხატვ.თ.სამსონაძე. | ||
| 260 | _aთბილისი | ||
| 260 | _bხელოვნება | ||
| 260 | _c1971 | ||
| 300 | _a478გვ.ილ.23სმ. | ||
| 653 | _aტრიუმფით მსოფლიოს გზებზე | ||
| 653 | _aცეკვის სახელმწ. ანსამბლის გასტროლები | ||
| 942 | _cBK | ||
| 999 |
_c42261 _d42261 |
||